សិក្សារលើលក្ខណៈក្សេត្ររូបសាស្រ្តនិងលក្ខណៈសរីរៈសាស្រ្តលើពូជស្រូវប្រពៃណីប្រាំបីកួរ (Record no. 163)
[ view plain ]
| 000 -LEADER | |
|---|---|
| fixed length control field | 00609nam a22001577a 4500 |
| 003 - CONTROL NUMBER IDENTIFIER | |
| control field | OSt |
| 005 - DATE AND TIME OF LATEST TRANSACTION | |
| control field | 20150909150949.0 |
| 008 - FIXED-LENGTH DATA ELEMENTS--GENERAL INFORMATION | |
| fixed length control field | 150909b xxu||||| |||| 00| 0 eng d |
| 040 ## - CATALOGING SOURCE | |
| Transcribing agency | RUA |
| 082 ## - DEWEY DECIMAL CLASSIFICATION NUMBER | |
| Classification number | AGR អៀ 1993 B007 Or.1 |
| 100 ## - MAIN ENTRY--PERSONAL NAME | |
| 9 (RLIN) | 181 |
| Personal name | អៀ ឯកសារ |
| 245 ## - TITLE STATEMENT | |
| Title | សិក្សារលើលក្ខណៈក្សេត្ររូបសាស្រ្តនិងលក្ខណៈសរីរៈសាស្រ្តលើពូជស្រូវប្រពៃណីប្រាំបីកួរ |
| 260 ## - PUBLICATION, DISTRIBUTION, ETC. (IMPRINT) | |
| Place of publication, distribution, etc. | Phnom Penh |
| Name of publisher, distributor, etc. | RUA |
| Date of publication, distribution, etc. | 1993 |
| 300 ## - PHYSICAL DESCRIPTION | |
| Extent | 99p. |
| Other physical details | ill. |
| Dimensions | 29cm. |
| 942 ## - ADDED ENTRY ELEMENTS (KOHA) | |
| Source of classification or shelving scheme | |
| Koha item type | AGR |
| Price effective from | Date last seen | Permanent Location | Not for loan | Date acquired | Source of classification or shelving scheme | Koha item type | Barcode | Lost status | Damaged status | Shelving location | Withdrawn status | Current Location | Copy number | Full call number |
|---|---|---|---|---|---|---|---|---|---|---|---|---|---|---|
| 2015-09-09 | 2015-09-09 | Library Block B | 2015-09-09 | AGR | RUA003730 | B007 | Library Block B | AGR អៀ 1993 B007 Or.1 | ||||||
| 2015-09-09 | 2015-09-09 | Library Block B | 2015-09-09 | AGR | RUA003658 | B007 | Library Block B | AGR អៀ 1993 B007 Or.2 | ||||||
| 2015-09-09 | 2015-09-09 | Library Block B | 2015-09-09 | AGR | RUA003586 | B007 | Library Block B | AGR អៀ 1993 B007 Or.3 | ||||||
| 2015-09-09 | 2015-09-09 | Library Block B | 2015-09-09 | AGR | RUA003583 | B007 | Library Block B | AGR អៀ 1993 B007 Or.4 | ||||||
| 2015-09-09 | 2015-09-09 | Library Block B | 2015-09-09 | AGR | B007 | Library Block B | RUA003728 | AGR អៀ 1993 B007 Or.5 | ||||||
| 2015-09-09 | 2015-09-09 | Library Block B | 2015-09-09 | AGR | RUA003656 | B007 | Library Block B | AGR អៀ 1993 B007 Or.6 | ||||||
| 2015-09-09 | 2015-09-09 | Library Block B | 2015-09-09 | AGR | RUA003584 | B007 | Library Block B | AGR អៀ 1993 B007 Or.7 | ||||||
| 2015-09-09 | 2015-09-09 | Library Block B | 2015-09-09 | AGR | RUA003729 | B007 | Library Block B | AGR អៀ 1993 B007 Or.8 | ||||||
| 2015-09-09 | 2015-09-09 | Library Block B | 2015-09-09 | AGR | RUA003657 | B007 | Library Block B | AGR អៀ 1993 B007 Or.9 |